| 000 | 00000nam 2200000zi 4500 |
| 001 | 9.890350 |
| 003 | CaOODSP |
| 005 | 20250129135338 |
| 006 | m o d f |
| 007 | cr mn||||||||| |
| 008 | 200812e202011##quca obs f000 0 eng d |
| 020 | |a9780660357799 |
| 040 | |aCaOODSP|beng|erda|cCaOODSP |
| 043 | |an-cn--- |
| 045 | |ay1y1 |
| 086 | 1 |aEn4-144/21-2020E-PDF |
| 245 | 00|aCanadian environmental sustainability indicators : |becological integrity of national parks. |
| 246 | 10|aEcological integrity of national parks |
| 250 | |a[November 2020 edition]. |
| 264 | 1|aGatineau QC : |bEnvironment and Climate Change Canada = Environnement et changement climatique Canada, |cNovember 2020. |
| 264 | 4|c©2020 |
| 300 | |a1 online resource (16 pages) : |bcolour illustrations |
| 336 | |atext|btxt|2rdacontent |
| 337 | |acomputer|bc|2rdamedia |
| 338 | |aonline resource|bcr|2rdacarrier |
| 500 | |aIssued also in French under title: Indicateurs canadiens de durabilité de l'environnement : intégrité écologique des parcs nationaux. |
| 504 | |aIncludes bibliographical references. |
| 650 | 0|aNational parks and reserves|zCanada. |
| 650 | 0|aEcological integrity|zCanada|vStatistics. |
| 650 | 0|aEnvironmental indicators|zCanada. |
| 655 | 7|aStatistics|2lcgft |
| 710 | 1 |aCanada. |bEnvironment and Climate Change Canada, |eissuing body. |
| 775 | 08|tIndicateurs canadiens de durabilité de l'environnement : |w(CaOODSP)9.890352 |
| 794 | |tCanadian environmental sustainability indicators : |b(October 2021)|w(CaOODSP)9.901965 |
| 795 | |tCanadian environmental sustainability indicators : |b(July 2019)|w(CaOODSP)9.874602 |
| 856 | 40|qPDF|s974 KB|uhttps://publications.gc.ca/collections/collection_2021/eccc/en4-144/En4-144-21-2020-eng.pdf |
| 856 | 4 |qHTML|sN/A|uhttps://www.canada.ca/en/environment-climate-change/services/environmental-indicators/ecological-integrity-national-parks.html |